Mois de l'année en différentes langues - Statistiques

Statistiques générales
  • Ce quiz a été pris 186 fois
  • Le résultat moyen est 36 sur 60
Statistiques - réponses
Jours % Correct
Janvier
95%
Mai
95%
Mai
95%
Mars
95%
Février
93%
May
93%
April
92%
April
92%
Avril
92%
Juin
92%
Aout
91%
Juillet
91%
Novembre
90%
Novembre
90%
Septembre
90%
Décembre
88%
Januar
88%
Octobre
88%
Februar
87%
June
87%
July
86%
March
85%
October
85%
September
85%
September
85%
August
84%
August
84%
November
84%
November
84%
December
83%
January
83%
February
82%
März
61%
Juli
56%
Juni
56%
Oktober
45%
Mayo
42%
Marzo
39%
Marzo
39%
Dezember
35%
Enero
34%
Septiembre
34%
Abril
33%
Noviembre
33%
Febrero
31%
Diciembre
30%
Octubre
29%
Julio
28%
Junio
27%
Agosto
25%
Agosto
25%
Aprile
15%
Dicembre
14%
Settembre
14%
Gennaio
13%
Febbraio
12%
Ottobre
12%
Maggio
10%
Luglio
6%
Giugno
5%
Aucun quiz correspondant
Distribution des résultats
% des personnes avec chaque résultat
Percentile par nombre de réponses
Votre historique - résultats
Vous n’avez pas pris ce quiz